মিথ পুরাণের ভাঙাগড়া / (Record no. 56815)
[ view plain ]
| 000 -LEADER | |
|---|---|
| fixed length control field | 00981nam a2200241 a 4500 |
| 001 - CONTROL NUMBER | |
| control field | 56815 |
| 003 - CONTROL NUMBER IDENTIFIER | |
| rucl marc code | BD-RjUL |
| 005 - DATE AND TIME OF LATEST TRANSACTION | |
| control field | 20240919122257.0 |
| 008 - FIXED-LENGTH DATA ELEMENTS--GENERAL INFORMATION | |
| fixed length control field | 161204s2001 ii ||||| b||| 00| 0 be d |
| 035 ## - SYSTEM CONTROL NUMBER | |
| System control number | (BD-RjUL)56815 |
| 040 ## - CATALOGING SOURCE | |
| Original cataloging agency | BD-RjUL |
| Language of cataloging | ben |
| Transcribing agency | BD-RjUL |
| 041 ## - LANGUAGE CODE | |
| Language code of text/sound track or separate title | ben |
| 082 ## - DEWEY DECIMAL CLASSIFICATION NUMBER | |
| Edition number | 23 |
| Classification number | B891.4409 |
| Author mark and year | SEM 2001 |
| 100 ## - MAIN ENTRY--PERSONAL NAME | |
| Personal name | সেনগুপ্ত, চন্দ্রমল্লী |
| 9 (RLIN) | 168942 |
| 245 ## - TITLE STATEMENT | |
| Title | মিথ পুরাণের ভাঙাগড়া / |
| Statement of responsibility, etc. | চন্দ্রমল্লী সেনগুপ্ত |
| 250 ## - EDITION STATEMENT | |
| Edition statement | ১ম, সং. |
| 260 ## - PUBLICATION, DISTRIBUTION, ETC. (IMPRINT) | |
| Place of publication, distribution, etc. | কলকাতা : |
| Name of publisher, distributor, etc. | পুস্তক বিপনি, |
| Date of publication, distribution, etc. | ২০০১. |
| 300 ## - PHYSICAL DESCRIPTION | |
| Pagination | ২৩৮ পৃ. ; |
| Size | ২১ সেমি. |
| 504 ## - BIBLIOGRAPHY, ETC. NOTE | |
| Bibliography, etc | গ্রন্থপুঞ্জি সংযুক্ত |
| 650 ## - SUBJECT ADDED ENTRY--TOPICAL TERM | |
| Topical term or geographic name as entry element | বাংলা সাহিত্য |
| 9 (RLIN) | 168943 |
| General subdivision | ইতিহাস ও সমালোচনা |
| Topical term or geographic name as entry element | Bengali Literature |
| 9 (RLIN) | 168944 |
| General subdivision | History and Criticism |
| 942 ## - ADDED ENTRY ELEMENTS (KOHA) | |
| Source of classification or shelving scheme | Dewey Decimal Classification |
| Koha item type | Books |
| Lost status | Source of classification or shelving scheme | Damaged status | Not for loan | Collection code | Permanent Location | Current Location | Shelving location | Date acquired | Source of acquisition | Cost, normal purchase price | Total Checkouts | Full call number | Date last seen | Copy number | Koha item type |
|---|---|---|---|---|---|---|---|---|---|---|---|---|---|---|---|
| Dewey Decimal Classification | Not For Loan | Non-fiction | Central Library, University of Rajshahi | Central Library, University of Rajshahi | Reading Room | 12/07/2006 | Dhaka, Paragon Enterprises Ltd | 125.00 | B 891.4409 SEM 2001 | 04/12/2016 | C-1 | Books |